02274cac a2200397 i 4500003000900000005001700009007000300026008004100029020001800070020001500088040003300103041000800136082002000144245014700164250003500311264004700346300004000393336002700433337003300460338002800493490002300521500002100544520054300565521005301108650005901161650003301220650002701253700004301280700005201323942001301375952010801388952010801496952010801604952015101712999001301863CO-PeBPM20251004171703.0ta210902r2019 ck a jr 000 p spa d a9789583003523 a9583003522 aCO-PeBPMbspaerdacCO-PeBPM0 aspa04a808.81 P74322210aPoeMáquinasb: Antología de iniciación a la poesíac/ Selección y notas Darío Jaramillo Agudelo ; ilustrado por Ana María Acosta bDécimo primera reimpresión 1aBogotá, Colombiab: Panamericanac, 2019 a108 páginasbilustracionesc23 cm atextobtxt2rdacontent asin mediaciónbn2rdamedia avolumenbnc2rdacarrier aLiteratura juvenil aIncluye índice a"Amo la poesía", dice Jaramillo Agudelo en la introducción a este libro. "La poesía me ha acompañado siempre. Si estoy contento, para mantener la euforia; si estoy triste, para reconfortarme. Si quiero expresar algo, aparece el poema que lo dice con exactitud." Esta es la razón de ser de este libro, destinado a servir de iniciación en la poesía a los adolescentes y a personas de cualquier edad, y que busca recordarnos lo esencial: la poesía ante todo, es el placer de la palabra. Tomado de la contracubierta del libro. aRecomendado para un público mayor a 15 años 14aLiteratura hispanoamericanavAntología2LEMB918751314aPoesía - ColeccionesvLEMB14aLibros y lecturavLEMB1 aAcosta, Ana Maríaeilustradora999251 aJaramillo Agudelo, Daríoecompiladord, 1947- 2ddccLIT 00102ddc4070aBRCbBRCd2023-10-05l0o808.81 P743p17844r2023-10-05 14:36:10tEj.1w2023-10-05yBK 00102ddc4070aBRCbBRCd2023-10-05l0o808.81 P743p33611r2023-10-05 14:36:32tEj.2w2023-10-05yBK 00102ddc4070aBRCbBRCd2023-10-05l0o808.81 P743p44902r2023-10-05 14:37:18tEj.3w2023-10-05yBK 00102ddc40708GENaBSJbBSJcGENd2018-10-04eDonación Biblioteca Nacionall0o808.81 P743p62684r2025-10-04 17:09:37tEj. 1w2025-10-04yBK c917d917